| 000 | 00758nam a2200229 a 4500 | ||
|---|---|---|---|
| 001 | 000015905 | ||
| 005 | 20200929164209.0 | ||
| 008 | 100222s1998 dr 000 0 spa d | ||
| 040 |
_aDO-SdBNP _bspa _cBNPHU |
||
| 082 |
_axxx _bC735 |
||
| 245 | 0 | 0 |
_a¿Cómo combatir la piratería intelectual? / _cJaime Angeles, Rosa Campillo, Mary Fernández, Orlando Jorge Mera. |
| 260 |
_aSanto Domingo : _bFundación Institucionalidad y Justicia, _c1998. |
||
| 300 |
_a42 p. ; _c24 cm. |
||
| 490 | 1 | _aSeminarios | |
| 500 | _aIncluye notas al pie de las páginas | ||
| 700 | 1 |
_aAngeles, Jaime _917183 |
|
| 700 | 1 |
_aCampillo, Rosa _917184 |
|
| 700 | 1 |
_aFernández, Mary _917188 |
|
| 700 | 1 |
_aJorge Mera, Orlando _917189 |
|
| 830 | 0 |
_aSeminarios _99809 |
|
| 049 | _aBNPD | ||
| 999 |
_c15447 _d15447 |
||